Robert A. M. Stern

Bibliographic Details
Main Author: Šlachta, Štefan, 1939-2016 (Author)
Format: Article
Language:Slovak
PhysicalDescription:Obr. 6. Sch. 5.
Subjects:

MARC

LEADER 00000nab a2200000 a 4500
001 vtls000404679
003 SK-MaSNL
005 20260303160649.0
008 230223c1990 xo 0 slo
015 |a SNBRB19rr/mm-uuuuu 
035 |a CL0404803 
035 |a urn:nbn:sk:snk-abdo4y 
035 |a (urnnbn)urn:nbn:sk:snk:ar-0019t6 
035 |a (uuid)6a249dff-83ca-4182-b6f5-b392160f22d4 
040 |a SNKBUCL  |b slo  |c SNKBUCL  |e AACR2 
041 0 |a slo 
044 |a xo  |c SK 
080 |a 72.071.1  |2 1981 
080 |a 719.071.3  |2 1981 
080 |a 929 Stern, Robert A. M.  |2 1981 
100 1 |a Šlachta, Štefan,  |d 1939-2016  |4 aut  |9 55255 
245 1 0 |a Robert A. M. Stern  |c Štefan Šlachta ; Robert A. M. Stern 
300 |b Obr. 6. Sch. 5. 
600 1 7 |a Stern, Robert A. M.,  |d 1939-  |2 snkbucl  |9 1181755 
655 7 |a profily  |2 snkbucl  |9 341977 
655 7 |a články z novín a časopisov  |2 snkbucl  |9 267496 
773 0 |t Projekt  |g Roč. 32, č. 1 (1990), s. 40-41 
850 |a Slovenská národná knižnica v Martine  |a MTA001 
852 |a SNK  |b KIS3GCP 
954 |a odborná, vedecká literatúra pôvodná (slovenská)  |2 lita 
958 |a RK 
958 |a OND 
958 |a EUIPO 
958 |a article19 
992 |a RBX 
999 |c 2046845  |d 2048775